000 00906cam a2200313 4500500
005 20260405000455.0
041 _afre
042 _adc
100 1 0 _aBeck, Ulrich
_eauthor
700 1 0 _aJeancourt-Galignani, Oriane
_eauthor
245 0 0 _aUlrich Beck : “Il y a toujours eu des intellectuels pour annoncer la fin du monde”
260 _c2007.
500 _a26
690 _aCivilisation
690 _aEmpire
690 _aEurope
690 _aGlobalisation
690 _aModernité
690 _aModernité liquide
690 _aMonde
690 _aMondialisation
690 _aRisque
690 _aRisques
690 _aSociologie
690 _aUlrich Beck
690 _aUtopie
786 0 _nPhilosophie magazine | 12 | 9 | 2007-09-01 | p. 7-8 | 1951-1787
856 4 1 _uhttps://shs.cairn.info/magazine-philosophie-magazine-2007-9-page-7?lang=fr&redirect-ssocas=7080
999 _c2037484
_d2037484